| 000 | 00615cam a2200229 a 4500 | ||
|---|---|---|---|
| 001 | 3514160 | ||
| 005 | 20171228065503.0 | ||
| 008 | 950606s1994 enka 001 0 eng | ||
| 010 | _a 95161396 | ||
| 020 | _a0706372034 | ||
| 040 |
_aDLC _cDLC |
||
| 041 | _aeng | ||
| 043 |
_an-us--- _ae-uk--- |
||
| 080 | _a574 PLU | ||
| 082 | _a574 PLU | ||
| 100 | 1 | _a9 | |
| 101 | _aMJE | ||
| 245 | 1 | 0 |
_aGreat gardens, great designers / _cGeorge Plumptre. |
| 906 |
_a7 _bcbc _corignew _d3 _encip _f19 _gy-gencatlg |
||
| 942 |
_2ddc _cBK |
||
| 999 |
_c39568 _d39568 |
||